000 00500nam a22001697a 4500
003 NUST - PNEC
005 20170116181027.0
008 150917b xxu||||| |||| 00| 0 eng d
020 _a0078347769
040 _cLIBRARY
082 _a697 KRE
100 _910854
_a Kreider, Jan F.
245 _aHeating and cooling of buildings :
_bdesign for efficiency
_cJan F. Kreider
260 _cc 1994
650 _910855
_aVentilation--Equipment and supplies--Design and construction
_xME
942 _2ddc
_cBK
999 _c67574
_d67574